• 首页
  • 本馆介绍
  • 公告通知
  • 最新文献
  • 馆藏检索
  • 电子资源
  • 读者导购
  • 参考咨询
  • 我的图书馆
  • 登录
  • 详细信息显示
  • 放入我的书架
  • 预约/预借图书
  • 作者相关作品
  • 分类相关作品
  • 丛书相关作品
  • 出版社相关作品

书目信息

  • 表格格式
  • 工作单格式
  • 卡片格式
题名:
水怪之谜
    
 
作者: ;探秘档案编辑部 编著
分册:  
出版信息: 北京   时事出版社  2018
页数: 277页
开本: 24cm
丛书名: 探秘档案
单 册:
中图分类: N49 , Q958.8
科图分类:
主题词: 水生动物--shui sheng dong wu--普及读物
电子资源:
ISBN: 978-7-5195-0225-6
000 01042nam 2200277 450
001 012001001228
005 20131107164156.0
010    @a978-7-5195-0225-6@dCNY40.00
099    @aCAL 012018107668
100    @a20180907d2018 em y0chiy50 ea
101 0  @achi
102    @aCN@b110000
105    @aa z 000yy
106    @ar
200 1  @a水怪之谜@Ashui guai zhi mi@e双色插图版@f探秘档案编辑部编著
210    @a北京@c时事出版社@d2018
215    @a277页@c彩图@d24cm
225 2  @a探秘档案@Atan mi dang an@v03
330    @a水怪, 一种传闻中深藏在水下的不明生物, 它们像来自另一个时空, 时隐时现, 似真似幻。世界各地水怪传闻时有耳闻, 尼斯湖水怪、喀纳斯水怪、长白山水怪, 等等, 这些传闻中的水怪是否真的存在 本书对全世界水怪传闻进行了收集整理, 和你一起探讨神秘水怪背后的真相。
410  0 @12001 @a探秘档案@v03
606 0  @a水生动物@Ashui sheng dong wu@j普及读物
690    @aN49@v5
690    @aQ958.8@v5
711 02 @a探秘档案编辑部@Atan mi dang an bian ji bu@4编著
801  0 @aCN@b北京卓展@c20191020
905    @b1197801-4@dN49@e333@f4
    
    水怪之谜:双色插图版/探秘档案编辑部编著.-北京:时事出版社,2018
    277页:彩图;24cm.-(探秘档案;03)
    
    
    ISBN 978-7-5195-0225-6:CNY40.00
    水怪, 一种传闻中深藏在水下的不明生物, 它们像来自另一个时空, 时隐时现, 似真似幻。世界各地水怪传闻时有耳闻, 尼斯湖水怪、喀纳斯水怪、长白山水怪, 等等, 这些传闻中的水怪是否真的存在 本书对全世界水怪传闻进行了收集整理, 和你一起探讨神秘水怪背后的真相。
●
相关链接 在E读中查询图书 在五车中查询图书 在当当中查询图书 在豆瓣中查询图书


正题名:水怪之谜     索取号:N49/333         预约/预借

序号 登录号 条形码 馆藏地/架位号 状态 备注
1 1197801   211978010   第二样本阅览室/ [索取号:N49/333] 在馆    
2 1197802   211978029   第三借阅区/ [索取号:N49/333] 在馆    
3 1197803   211978038   第三借阅区/ [索取号:N49/333] 在馆    
4 1197804   211978047   第三借阅区/ [索取号:N49/333] 在馆    
唐山师范学院图书馆 欢迎您!
大连网信软件有限公司© 版权所有